[Event "Ch Hungary (team)"]
[Site "masterchessopen.com – Hungary"]
[Round "7"]
[White "Glatt Gabor (HUN)"]
[Black "Pergel Laszlo (HUN)"]
[Result "1-0"]
[WhiteElo "2310"]
[BlackElo "2245"]

1.e4 c5 2.Nf3 Nc6 3.d4 cxd4 4.Nxd4 Nf6 5.Nc3 d6 6.Bg5 e6 7.Qd2 Be7 8.O-O-O O-O
9.f4 h6 10.Bxf6 gxf6 11.f5 Kh7 12.Bc4 a6 13.Rhf1 Nxd4 14.Qxd4 Qa5 15.Rf3 Qe5
16.Qd2 Rg8 17.Re1 Bf8 18.g3 Rg4 19.Qf2 Be7 20.h3 Rg5 21.Nd5 Bd8 22.fxe6 Bxe6
23.g4 Kg7 24.Rf5 Bxf5 25.exf5 b5 26.Rxe5 dxe5 27.Be2 Kh7 28.Qc5 Rg8 29.Qc6 Ra7
30.Nxf6+ Bxf6 31.Qxf6 Re8 32.h4 e4 33.g5 hxg5 34.hxg5 Rh8 35.Qe5 Kg8 {#r} 1-0

[Event "It (open)"]
[Site "masterchessopen.com – Le Touquet (France)"]
[Round "0"]
[White "Mrdja Milan (CRO)"]
[Black "Bouton Christophe (FRA)"]
[Result "1-0"]
[WhiteElo "2450"]
[BlackElo "2240"]

1.e4 c5 2.Nf3 d6 3.d4 cxd4 4.Nxd4 Nf6 5.Nc3 Nc6 6.Bg5 e6 7.Qd2 Be7 8.O-O-O O-O
9.f4 h6 10.Bh4 Bd7 11.Nf3 Qa5 12.Kb1 Rfd8 13.Qe1 Be8 14.Bb5 Qc7 15.Rg1 a6
16.Bd3 Nb4 17.g4 d5 18.e5 Nxd3 19.cxd3 Nh7 20.Bxe7 Qxe7 21.Nd4 b5 22.h4 b4
23.Nce2 a5 24.Qg3 Ra7 25.Rc1 Rc7 26.Rxc7 Qxc7 27.g5 h5 28.g6 Nf8 29.gxf7+ Qxf7
30.f5 g6 31.fxg6 Nxg6 32.Nf4 {#r} 1-0

[Event "It (open)"]
[Site "masterchessopen.com – Le Touquet (France)"]
[Round "0"]
[White "Mrdja Milan (CRO)"]
[Black "Giffard Nicolas (FRA)"]
[Result "0-1"]
[WhiteElo "2450"]
[BlackElo "2375"]

1.e4 c5 2.Nf3 Nc6 3.d4 cxd4 4.Nxd4 Nf6 5.Nc3 d6 6.Bg5 e6 7.Qd2 Be7 8.O-O-O O-O
9.f4 h6 10.Bh4 Bd7 11.Nf3 Qa5 12.Kb1 Rfd8 13.Bd3 b5 14.Nxb5 Qb6 15.Rhe1 Rab8
16.c3 d5 17.exd5 Nxd5 18.Bf2 Qa5 19.Rc1 Ncb4 20.cxb4 Bxb4 21.Qc2 Bxb5 22.Bh7+
Kh8 23.Ne5 Bf8 24.Nc4 Qa6 25.Bd3 Nc3+ {#R} 0-1

[Event "Ch USA"]
[Site "masterchessopen.com – Modesto (USA)"]
[Round "4"]
[White "Ivanov Alexander (USA)"]
[Black "Gurevich Dmitry (USA)"]
[Result "1-0"]
[WhiteElo "2523"]
[BlackElo "2525"]

1.e4 c5 2.Nf3 d6 3.d4 cxd4 4.Nxd4 Nf6 5.Nc3 Nc6 6.Bg5 e6 7.Qd2 Be7 8.O-O-O O-O
9.f4 h6 10.Bh4 Qb6 11.Bf2 Qc7 12.Ndb5 Qa5 13.a3 e5 14.Qe1 Bg4 15.fxe5 dxe5
16.Be2 Bxe2 17.Qxe2 a6 18.Nd6 Nd4 19.Bxd4 Bxd6 20.Bg1 Be7 21.Nd5 Nxd5 22.Rxd5
Qa4 23.Bc5 Bg5+ 24.Kb1 Rfc8 25.h4 Bf6 26.g4 b6 27.Bd6 Ra7 28.Bxe5 Bxe5 29.Rxe5
Rac7 30.Rc1 b5 31.g5 hxg5 32.hxg5 b4 33.axb4 Qxb4 34.Rd5 Rb8 35.c3 Qb3 36.Rcd1
Rcc8 37.Qc2 Qc4 38.R1d4 Qf1+ 39.Rd1 Qf4 40.Rf5 Qg3 41.Rfd5 Rxc3 42.Rd8+ Kh7
43.Rh1+ Kg6 44.Qd1 Rc1+ 45.Kxc1 {#r} 1-0

[Event "Ch Yugoslavia (1/2 final) (open)"]
[Site "masterchessopen.com – Nis (Yugoslavia)"]
[Round "11"]
[White "Perunovic Milos (SRB)"]
[Black "Pavlovic Dragoljub (SRB)"]
[Result "0-1"]
[WhiteElo "2130"]
[BlackElo "2325"]

1.e4 c5 2.Nf3 Nc6 3.d4 cxd4 4.Nxd4 Nf6 5.Nc3 d6 6.Bg5 e6 7.Qd2 Be7 8.O-O-O O-O
9.f4 h6 10.h4 Nxd4 11.Qxd4 hxg5 12.hxg5 Ng4 13.Qg1 Qb6 14.Rd4 e5 15.Nd5 Qd8
16.Rd3 exf4 17.Rdh3 Nh6 18.Rxh6 gxh6 19.Rxh6 Kg7 20.Qd4+ f6 21.Nxf4 Qa5 22.b4
Qxg5 23.Rg6+ Qxg6 24.Nxg6 Kxg6 25.Bd3 Kg7 26.Qd5 Rb8 27.Qd4 Be6 28.Qxa7 Kf7
29.Be2 d5 30.Qb6 Rh8 31.Bf3 dxe4 32.Bxe4 f5 33.Bxb7 Rh1+ 34.Kb2 Rd1 35.Qc7
Rbd8 36.Bf3 R1d7 37.Qb6 Bf6+ 38.Ka3 Bd4 39.Bh5+ Kf6 40.Qa5 Ra7 {#R} 0-1

[Event "Ch Yugoslavia (team)"]
[Site "masterchessopen.com – Tivat (Yugoslavia)"]
[Round "8"]
[White "Matulovic Milan (SRB)"]
[Black "Indjic Dusan (SRB)"]
[Result "1-0"]
[WhiteElo "2455"]
[BlackElo "2380"]

1.e4 c5 2.Nf3 Nc6 3.d4 cxd4 4.Nxd4 Nf6 5.Nc3 d6 6.Bg5 e6 7.Qd2 Be7 8.O-O-O O-O
9.f4 h6 10.Bh4 Qb6 11.Nf3 Rd8 12.Qe1 Bd7 13.Bd3 Rac8 14.Rg1 Nb4 15.Kb1 e5
16.g4 exf4 17.g5 hxg5 18.Bxg5 Be6 19.a3 Nxd3 20.Rxd3 Bc4 21.Rd1 d5 22.Nxd5
Bxd5 23.exd5 Kf8 24.Qh4 Qc5 25.Qh8+ Ng8 26.Bxe7+ Kxe7 27.Qxg7 Qxc2+ 28.Ka1 Qf5
29.Rge1+ Kd6 30.Nd4 Qf6 31.Qg1 Kc7 32.Nb5+ Kd7 33.Qxa7 Qa6 34.Qxa6 bxa6 35.Nc3
Re8 36.Rf1 Rc4 37.Rd2 Re3 38.Rdf2 Ne7 39.Rxf4 Rxf4 40.Rxf4 f5 41.Ra4 Rd3
42.Rxa6 Nxd5 {#r} 1-0

[Event "Staatsliga 1996/97"]
[Site "masterchessopen.com – Austria"]
[Round "5"]
[White "Freitag Manfred (AUT)"]
[Black "Felsberger Alfred (AUT)"]
[Result "1-0"]
[WhiteElo "2285"]
[BlackElo "2400"]

1.e4 c5 2.Nf3 d6 3.d4 cxd4 4.Nxd4 Nf6 5.Nc3 Nc6 6.Bg5 e6 7.Qd2 Be7 8.O-O-O O-O
9.f4 h6 10.Bh4 e5 11.Nf5 Bxf5 12.exf5 exf4 13.Kb1 d5 14.Bxf6 Bxf6 15.Nxd5 Be5
16.Bc4 b5 17.Bb3 a5 18.a3 Kh8 19.Qf2 Qg5 20.Nb6 Ra6 21.Qc5 Rb8 22.Nd7 Re8
23.Qxb5 Raa8 24.Qxc6 Qxf5 25.Nxe5 Qxe5 26.Rhe1 {#r} 1-0

[Event "Cup Lee"]
[Site "masterchessopen.com – Beijing (China)"]
[Round "9"]
[White "Qin Kanying (CHN)"]
[Black "Wang Zili (CHN)"]
[Result "0-1"]
[WhiteElo "2370"]
[BlackElo "2535"]

1.e4 c5 2.Nf3 d6 3.d4 cxd4 4.Nxd4 Nf6 5.Nc3 Nc6 6.Bg5 e6 7.Qd2 Be7 8.O-O-O O-O
9.f4 d5 10.e5 Nd7 11.h4 Nb6 12.Kb1 Bd7 13.Nf3 Rc8 14.Be2 f6 15.exf6 gxf6
16.Bh6 Rf7 17.a3 Na5 18.f5 Nbc4 19.Qd4 Bc5 20.Qg4+ Kh8 21.Bxc4 Nxc4 22.Nd4
Bxd4 23.Qxd4 e5 24.Qxa7 d4 25.Ne4 Bxf5 26.Rhe1 Qd5 27.Ng3 Bxc2+ 28.Kxc2 Nxa3+
29.Kd3 Qb5+ {#R} 0-1

[Event "Ch Slovenia (team)"]
[Site "masterchessopen.com – Bled (Slovenia)"]
[Round "4"]
[White "Tompa Neda (SLO)"]
[Black "Licina Anita (SLO)"]
[Result "0-1"]
[WhiteElo "2010"]
[BlackElo "2155"]

1.e4 c5 2.Nf3 Nc6 3.d4 cxd4 4.Nxd4 Nf6 5.Nc3 d6 6.Bg5 e6 7.Qd2 Be7 8.f4 O-O
9.O-O-O e5 10.Nb3 exf4 11.Qxf4 Ne5 12.h4 Be6 13.Bxf6 Bxf6 14.Nd5 Bxd5 15.Rxd5
Qb6 16.g4 Ng6 17.Qd2 Be5 18.Kb1 Nf4 19.Rb5 Qc7 20.Nd4 Rac8 21.Nf5 a6 22.Rb3 b5
23.h5 Rfd8 24.h6 g6 25.Ne3 d5 26.exd5 Nxd5 27.Nxd5 Rxd5 28.Qe2 Rcd8 29.Rd3
Rxd3 30.cxd3 Qc5 31.Qc2 Qd4 32.Be2 a5 33.Rd1 a4 34.a3 b4 35.axb4 Qxb4 36.d4
Bxd4 37.Qc3 Qb6 38.Qa3 Rb8 39.Rd2 Be5 40.Bd1 Bf4 41.Qc3 Bxh6 42.Re2 Bg7 43.Qa3
Qd4 44.Bxa4 Qxg4 45.Re8+ Rxe8 46.Bxe8 Qe4+ {#R} 0-1

[Event "It (b)"]
[Site "masterchessopen.com – Budapest (Hungary)"]
[Round "2"]
[White "Turzo Attila (HUN)"]
[Black "Zaitsev Vadim (RUS)"]
[Result "0-1"]
[WhiteElo "2315"]
[BlackElo "2320"]

1.e4 c5 2.Nf3 d6 3.d4 cxd4 4.Nxd4 Nf6 5.Nc3 Nc6 6.Bg5 e6 7.Qd2 Be7 8.O-O-O O-O
9.f4 h6 10.Bh4 e5 11.Nf5 Bxf5 12.exf5 exf4 13.Bxf6 Bxf6 14.Bc4 Be5 15.Rhe1 Rc8
16.Bb3 Nd4 17.Kb1 Nxf5 18.Nd5 Qg5 19.Re4 Ne3 20.h4 Qh5 21.Ne7+ Kh8 22.Nxc8
Qxd1+ 23.Qxd1 Nxd1 24.Nxa7 Ne3 25.Rb4 Nxg2 26.Bd5 Ne3 27.Bh1 g5 28.a4 g4 29.a5
f3 {#R} 0-1

[Event "It (open) \"]
[Site "masterchessopen.com – Copenhagen (Denmark)"]
[Round "9"]
[White "Borge Nikolaj (DEN)"]
[Black "Strange Mikkel (DEN)"]
[Result "0-1"]
[WhiteElo "2455"]
[BlackElo "2245"]

1.e4 c5 2.Nf3 Nc6 3.d4 cxd4 4.Nxd4 Nf6 5.Nc3 d6 6.Bg5 e6 7.Qd2 Be7 8.O-O-O O-O
9.f4 h6 10.h4 Nxd4 11.Qxd4 hxg5 12.hxg5 Ng4 13.Be2 e5 14.Qg1 exf4 15.Bxg4 Bxg5
16.Bf3 Re8 17.Kb1 a5 18.g3 a4 19.Qh2 Bh6 20.gxf4 a3 21.f5 Ra6 22.Rdg1 Qb6
23.b3 d5 24.Nxd5 Qd4 25.c3 Qd3+ 26.Ka1 Qxf3 27.f6 Rxf6 28.Nxf6+ Qxf6 29.Qc2 b5
30.Rf1 Qe5 31.Rfg1 Kf8 32.b4 Bb7 33.Re1 Bxe4 34.Rxh6 gxh6 35.Qc1 Rc8 36.Qxh6+
Ke8 37.Re3 Rxc3 {#R} 0-1

[Event "Ch Moravia (open)"]
[Site "masterchessopen.com – Frydek-Mistek (Czech Republic)"]
[Round "8"]
[White "Dostal Radim (CZE)"]
[Black "Zedek Frantisek (CZE)"]
[Result "1-0"]
[WhiteElo "2050"]
[BlackElo "1915"]

1.e4 c5 2.Nf3 Nc6 3.d4 cxd4 4.Nxd4 Nf6 5.Nc3 d6 6.Bg5 e6 7.Qd2 Be7 8.O-O-O O-O
9.f4 a6 10.Bc4 Qc7 11.Bb3 Rd8 12.Rhf1 h6 13.Bxf6 Bxf6 14.Nxc6 bxc6 15.Rf3 d5
16.e5 Be7 17.Rg3 c5 18.Qe2 c4 19.Qg4 g6 20.Ba4 d4 21.Ne4 Qa5 22.Nf6+ Bxf6
23.exf6 Qxa4 24.Qh4 Kh7 25.Qxh6+ {#r} 1-0

[Event "Bundesliga (2nd) West 1995/96"]
[Site "masterchessopen.com – Germany"]
[Round "0"]
[White "Fleck Juergen (GER)"]
[Black "Schlecht Daniel (GER)"]
[Result "1-0"]
[WhiteElo "2385"]
[BlackElo "2225"]

1.e4 c5 2.Nf3 Nc6 3.d4 cxd4 4.Nxd4 Nf6 5.Nc3 d6 6.Bg5 e6 7.Qd2 Be7 8.O-O-O O-O
9.f4 h6 10.Bh4 e5 11.Nf5 Bxf5 12.exf5 exf4 13.Kb1 d5 14.Bxf6 Bxf6 15.Nxd5 Be5
16.Bc4 b5 17.Bb3 a5 18.a3 a4 19.Ba2 b4 20.Nxb4 Qb6 21.Bd5 Rac8 22.Bxc6 Rxc6
23.Rhe1 Rd6 24.Qe2 f6 25.Rxd6 Qxd6 26.Rd1 Qc7 27.Qb5 Qc8 28.Rd7 Rf7 29.Rxf7
Kxf7 30.Qd5+ Kf8 31.Qe4 Qc5 32.Ka2 f3 33.Qa8+ Kf7 34.Qxf3 Bxh2 35.Qh5+ Kf8
36.Qxh2 Qc4+ 37.b3 axb3+ 38.Kb2 {#r} 1-0

[Event "Oberliga Northeast 1996/97"]
[Site "masterchessopen.com – Germany"]
[Round "0"]
[White "Postler Reinhard (GER)"]
[Black "Vogel Robert (GER)"]
[Result "0-1"]
[WhiteElo "2320"]
[BlackElo "2305"]

1.e4 c5 2.Nf3 Nc6 3.d4 cxd4 4.Nxd4 Nf6 5.Nc3 d6 6.Bg5 e6 7.Qd2 Be7 8.O-O-O O-O
9.f4 a6 10.Be2 Qc7 11.Bf3 Bd7 12.g4 Rac8 13.Nb3 Rfd8 14.Kb1 b5 15.h4 b4 16.Ne2
a5 17.Nbd4 a4 18.Bxf6 gxf6 19.g5 Na5 20.Rdg1 Kh8 21.Bh5 b3 22.axb3 axb3
23.cxb3 Qb7 24.Qe3 e5 25.fxe5 dxe5 26.gxf6 exd4 27.Qf4 Bb5 28.fxe7 {#R} 0-1

[Event "Ch Israel (team)"]
[Site "masterchessopen.com – Israel"]
[Round "5"]
[White "Shmuter Leonid (UKR)"]
[Black "Vydeslaver Alik (ISR)"]
[Result "1-0"]
[WhiteElo "2485"]
[BlackElo "2440"]

1.e4 c5 2.Nf3 d6 3.d4 cxd4 4.Nxd4 Nf6 5.Nc3 Nc6 6.Bg5 e6 7.Qd2 Be7 8.O-O-O O-O
9.f4 h6 10.Bh4 Qb6 11.Bf2 Qc7 12.Kb1 a6 13.Bd3 b5 14.Rhe1 Nxd4 15.Bxd4 b4
16.Ne2 e5 17.Be3 d5 18.fxe5 Nxe4 19.Bxe4 dxe4 20.Qd4 Bf5 21.Nf4 Rac8 22.Rd2
Qb7 23.Qb6 Qxb6 24.Bxb6 Rfe8 25.Be3 Bc5 26.Rd5 Bxe3 27.Rxe3 Rcd8 28.Kc1 Rxd5
29.Nxd5 a5 30.c4 bxc3 31.Nxc3 Rxe5 32.h3 Bg6 33.g4 h5 34.Kd2 Kh7 35.Re1 Kh6
36.Ke3 Kg5 37.Rg1 Re8 38.a3 Rb8 39.h4+ Kf6 40.gxh5 Bf5 {#r} 1-0

[Event "Ch Yugoslavia (open)"]
[Site "masterchessopen.com – Nis (Yugoslavia)"]
[Round "10"]
[White "Brankovic Dejan (SRB)"]
[Black "Vukovic Zdravko (MNE)"]
[Result "1-0"]
[WhiteElo "2370"]
[BlackElo "2475"]

1.e4 c5 2.Nf3 Nc6 3.d4 cxd4 4.Nxd4 Nf6 5.Nc3 d6 6.Bg5 e6 7.Qd2 Be7 8.O-O-O O-O
9.f4 h6 10.Bh4 Bd7 11.Ndb5 Nxe4 12.Bxe7 Nxd2 13.Bxd8 Nxf1 14.Bc7 Ne3 15.Rxd6
Bc8 16.g3 a6 17.Nd4 Nxd4 18.Rxd4 b5 19.Re1 Nf5 20.Rd3 h5 21.a4 b4 22.Na2 a5
23.Re5 Ba6 24.Rd7 b3 25.cxb3 Rac8 26.Nc3 Bb7 27.Bxa5 Bc6 28.Rd3 h4 29.Kb1 g6
30.b4 Nxg3 31.hxg3 h3 32.Rd2 Bg2 33.Rxg2 hxg2 34.Re1 Rc4 35.Rg1 Ra8 36.Bb6
{#r} 1-0

[Event "Cup Russia (open)"]
[Site "masterchessopen.com – Omsk (Russia)"]
[Round "5"]
[White "Smikovski Ivan (RUS)"]
[Black "Ermekov Almas (KAZ)"]
[Result "1-0"]
[WhiteElo "2545"]
[BlackElo "2260"]

1.e4 c5 2.Nf3 d6 3.d4 cxd4 4.Nxd4 Nf6 5.Nc3 Nc6 6.Bg5 e6 7.Qd2 Be7 8.O-O-O O-O
9.f4 h6 10.Bh4 e5 11.Nf5 Bxf5 12.exf5 exf4 13.Kb1 d5 14.Bxf6 Bxf6 15.Nxd5 Be5
16.Bc4 b5 17.Bb3 a5 18.a3 a4 19.Ba2 Qg5 20.g3 fxg3 21.Qxg5 hxg5 22.hxg3 Bxg3
23.Rdg1 Bh4 24.Nf4 Nd4 25.Ng6 Nf3 26.Rg3 Nd2+ 27.Kc1 Rfd8 28.Nxh4 gxh4 29.Rxh4
Nc4 30.Bxc4 bxc4 31.f6 {#r} 1-0

[Event "Ch Germany (juniors) (under 11)"]
[Site "masterchessopen.com – Pinneberg (Germany)"]
[Round "4"]
[White "Paehtz Elisabeth (GER)"]
[Black "Weichhold Carsten (GER)"]
[Result "1-0"]
[WhiteElo "2461"]
[BlackElo "2070"]

1.e4 c5 2.Nf3 Nc6 3.d4 cxd4 4.Nxd4 Nf6 5.Nc3 d6 6.Bg5 e6 7.Qd2 Be7 8.O-O-O O-O
9.f4 a6 10.Nf3 b5 11.Bd3 Bb7 12.Rhe1 h6 13.Bh4 Rc8 14.e5 dxe5 15.fxe5 Nd5
16.Bxe7 Ncxe7 17.Ne4 Nf5 18.g4 Nfe3 19.Rxe3 Nxe3 20.Qxe3 Bxe4 21.Qxe4 g6
22.Qf4 Kg7 23.h4 Qe7 24.Qe4 Rcd8 25.h5 Qe8 26.hxg6 fxg6 27.Nh4 Qf7 28.Kb1 Rfe8
29.b3 Rh8 30.Rf1 Qe8 31.Rf6 g5 32.Rg6+ Kf8 33.Qf3+ Qf7 34.Rf6 {#r} 1-0

[Event "It (cat.9)"]
[Site "masterchessopen.com – Santa Clara (Cuba)"]
[Round "7"]
[White "Garcia Gildardo (COL)"]
[Black "De La Paz Frank (CUB)"]
[Result "1-0"]
[WhiteElo "2495"]
[BlackElo "2370"]

1.e4 c5 2.Nf3 d6 3.d4 cxd4 4.Nxd4 Nf6 5.Nc3 Nc6 6.Bg5 e6 7.Qd2 Be7 8.O-O-O O-O
9.f4 h6 10.Bh4 Bd7 11.Nf3 Qa5 12.Kb1 Rfd8 13.Bd3 b5 14.g4 b4 15.Ne2 d5 16.Bxf6
Bxf6 17.e5 Be7 18.Ned4 Nxd4 19.Nxd4 Qb6 20.Rhf1 a5 21.g5 h5 22.g6 Qxd4 23.Qe2
Bc5 24.Qxh5 {#r} 1-0

[Event "Ch Russia (juniors) (under 14) (g)"]
[Site "masterchessopen.com – Ufa (Russia)"]
[Round "5"]
[White "Dolgova Olga (RUS)"]
[Black "Sharovatova Anastasia (RUS)"]
[Result "0-1"]
[WhiteElo "2206"]
[BlackElo "2189"]

1.e4 c5 2.Nf3 d6 3.d4 cxd4 4.Nxd4 Nf6 5.Nc3 Nc6 6.Bg5 e6 7.f4 Be7 8.Qd2 O-O
9.O-O-O h6 10.Bh4 e5 11.Nxc6 bxc6 12.g3 Qc7 13.Bxf6 Bxf6 14.Qxd6 Qb6 15.Bg2
Rd8 16.Qa3 Qe3+ 17.Kb1 Rxd1+ 18.Rxd1 exf4 19.gxf4 Qxf4 20.h3 Qg3 21.e5 Qxe5
22.Bxc6 Rb8 23.Be4 Bxh3 24.Rd3 Bf1 25.Re3 Qd4 26.Rf3 Qg1 27.b4 Be2+ 28.Kb2
Bxf3 29.Bxf3 Qe3 30.Bc6 Qxc3+ 31.Qxc3 Rxb4+ {#R} 0-1

[Event "It (open) (a)"]
[Site "masterchessopen.com – Vienna (Austria)"]
[Round "4"]
[White "Lutz Christopher (GER)"]
[Black "Lugovoi Aleksei (RUS)"]
[Result "1-0"]
[WhiteElo "2565"]
[BlackElo "2500"]

1.e4 c5 2.Nf3 d6 3.d4 cxd4 4.Nxd4 Nf6 5.Nc3 Nc6 6.Bg5 e6 7.Qd2 Be7 8.O-O-O O-O
9.f4 h6 10.Bh4 e5 11.Nf5 Bxf5 12.exf5 exf4 13.Kb1 d5 14.Bxf6 Bxf6 15.Nxd5 Be5
16.c3 Rb8 17.Qc2 b5 18.Be2 Re8 19.Bf3 Qc8 20.Rhe1 f6 21.Qe4 b4 22.cxb4 Qb7
23.Nxf6+ Bxf6 24.Qc4+ Kh7 25.Rxe8 Rxe8 26.Bxc6 Qc8 27.Qc2 Rd8 28.Rxd8 Qxd8
29.a3 Qd4 30.h3 Qe5 31.Bf3 Qe8 32.Ka2 Qf7+ 33.Qb3 Qe8 34.Qe6 Qxe6+ 35.fxe6 Kg8
36.a4 Kf8 37.a5 Ke7 38.Bd5 Kd6 39.Bc4 g5 40.Kb3 h5 41.b5 Bd4 42.Kb4 Bc5+
43.Ka4 g4 44.hxg4 hxg4 45.b6 f3 46.gxf3 g3 47.Bf1 Kxe6 48.b4 Be3 49.bxa7 {#r}
1-0

[Event "Olympiad"]
[Site "masterchessopen.com – Yerevan (Armenia)"]
[Round "6"]
[White "Antoniou Antonis (CYP)"]
[Black "Dukaczewski Piotr (POL)"]
[Result "0-1"]
[WhiteElo "2180"]
[BlackElo "2190"]

1.e4 c5 2.Nf3 Nc6 3.d4 cxd4 4.Nxd4 Nf6 5.Nc3 d6 6.Bg5 e6 7.Qd2 Be7 8.O-O-O O-O
9.f4 h6 10.Bh4 e5 11.Nf5 Bxf5 12.exf5 exf4 13.Kb1 d5 14.Bxf6 Bxf6 15.Nxd5 Be5
16.Bc4 b5 17.Bb3 a5 18.a3 Qg5 19.Qd3 Rab8 20.h4 Qg4 21.f6 gxf6 22.Rde1 Kg7
23.g3 fxg3 24.Ne3 Qg6 25.Nf5+ Kh8 26.Reg1 a4 27.Bd5 Rfd8 28.Qf3 Rxd5 29.Qxd5
Qxf5 30.Qxc6 b4 31.Qxa4 b3 32.Rg2 bxc2+ 33.Rxc2 g2 34.Rd1 Rxb2+ 35.Kc1 Rxc2+
36.Qxc2 Qxc2+ 37.Kxc2 Bh2 {#R} 0-1

[Event "Olympiad (w)"]
[Site "masterchessopen.com – Yerevan (Armenia)"]
[Round "3"]
[White "Majigsuren Dovdon (MGL)"]
[Black "Aleksieva Silvia (FRA)"]
[Result "0-1"]
[WhiteElo "2110"]
[BlackElo "2335"]

1.e4 c5 2.Nf3 Nc6 3.d4 cxd4 4.Nxd4 Nf6 5.Nc3 d6 6.Bg5 e6 7.Qd2 Be7 8.O-O-O O-O
9.f4 Qa5 10.Nb3 Qb6 11.Qe1 a5 12.a4 Rd8 13.h3 d5 14.exd5 Nb4 15.Kb1 Bd7 16.d6
Bxd6 17.Ne4 Be7 18.Nxf6+ Bxf6 19.Bxf6 gxf6 20.Qg3+ Kf8 21.Rxd7 Rxd7 22.Bb5 Nc6
23.Qh4 Ke7 24.g4 Rad8 25.Nc1 Rd1 26.Re1 R8d2 27.Rxd1 Rxd1 28.Qg3 Qd4 29.Qa3+
Nb4 30.Qf3 Qd2 {#R} 0-1

[Event "It (cat.7) (b)"]
[Site "masterchessopen.com – Cairo (Egypt)"]
[Round "1"]
[White "Hakki Imad (SYR)"]
[Black "El Gindy Essam (EGY)"]
[Result "0-1"]
[WhiteElo "2345"]
[BlackElo "2506"]

1.e4 c5 2.Nf3 d6 3.d4 cxd4 4.Nxd4 Nf6 5.Nc3 Nc6 6.Bg5 e6 7.Qd2 Be7 8.O-O-O O-O
9.f4 h6 10.Bh4 a6 11.Nxc6 bxc6 12.e5 dxe5 13.fxe5 Nd7 14.Bxe7 Qxe7 15.Qf4 Qc5
16.Rxd7 Bxd7 17.Ne4 Qa5 18.Bd3 f5 19.exf6 Qxa2 20.Rf1 Rf7 21.Qg3 Qa4 22.Kd2
Qa5+ 23.c3 Be8 24.fxg7 Rxf1 25.Nf6+ Rxf6 26.Bh7+ Kf7 27.g8=Q+ Ke7 28.Bd3 Qb6
29.Q8g7+ Bf7 30.h4 Rg8 31.Qxg8 Bxg8 32.Qxg8 Rf2+ 33.Be2 Qd8+ 34.Qxd8+ Kxd8
35.Ke3 Rf7 {#R} 0-1

[Event "It (cat.7) (b)"]
[Site "masterchessopen.com – Cairo (Egypt)"]
[Round "10"]
[White "Yasseen Aly (EGY)"]
[Black "El Gindy Essam (EGY)"]
[Result "1-0"]
[WhiteElo "2375"]
[BlackElo "2506"]

1.e4 c5 2.Nf3 d6 3.d4 cxd4 4.Nxd4 Nf6 5.Nc3 Nc6 6.Bg5 e6 7.Qd2 Be7 8.O-O-O O-O
9.f4 h6 10.Bh4 a6 11.h3 Qc7 12.Nf3 b5 13.Bd3 b4 14.Na4 Bd7 15.b3 a5 16.g4 Nh7
17.e5 d5 18.g5 g6 19.gxh6 Bxh4 20.Nxh4 Ne7 21.Kb1 Bxa4 22.bxa4 Rab8 23.Rhg1
Kh8 24.Rg3 Rg8 25.Rdg1 Rbd8 26.Nf3 d4 27.Be4 d3 28.cxd3 Qd7 29.Qb2 Rc8 30.h4
Rc3 31.h5 Rgc8 32.d4 Qxa4 33.hxg6 fxg6 34.Bxg6 Rg8 35.Bc2 Qc6 36.Rg7 Nf8
37.Ng5 Rxg7 38.hxg7+ Kxg7 39.Nxe6+ Kh8 40.Nxf8 a4 {#r} 1-0

[Event "Ch World (juniors) (under 14) (g)"]
[Site "masterchessopen.com – Cannes (France)"]
[Round "2"]
[White "Gara Anita (HUN)"]
[Black "Espinola Martin Maria Jose (ESP)"]
[Result "1-0"]
[WhiteElo "2265"]
[BlackElo "2066"]

1.e4 c5 2.Nf3 d6 3.d4 cxd4 4.Nxd4 Nf6 5.Nc3 Nc6 6.Bg5 e6 7.Qd2 Be7 8.O-O-O O-O
9.f4 a6 10.Kb1 Nxd4 11.Qxd4 Qa5 12.Be2 Rd8 13.Qe3 h6 14.Bh4 Bd7 15.e5 dxe5
16.fxe5 Ng4 17.Bxg4 Bxh4 18.Rhf1 Bg5 19.Qf3 Be8 20.g3 Rac8 21.Rxd8 Rxd8 22.Ne4
Be7 23.Bh5 Qc7 24.Qf4 Bf8 25.g4 Rd5 26.g5 hxg5 27.Nxg5 Rd7 28.Nxe6 Qc6 29.Ng5
Qd5 30.e6 {#r} 1-0

[Event "Ch World Cities"]
[Site "masterchessopen.com – Jakarta (Indonesia)"]
[Round "2"]
[White "Kayumov Dmitry D (UZB)"]
[Black "Suhendra Andi Supardi (INA)"]
[Result "1-0"]
[WhiteElo "2430"]
[BlackElo "2260"]

1.e4 c5 2.Nf3 d6 3.d4 cxd4 4.Nxd4 Nf6 5.Nc3 Nc6 6.Bg5 e6 7.Qd2 Be7 8.O-O-O O-O
9.f4 h6 10.Bh4 e5 11.Nf5 Bxf5 12.exf5 exf4 13.Qxf4 d5 14.Kb1 Qb6 15.Bd3 Rac8
16.Rhe1 Rfe8 17.g4 d4 18.Bxf6 Bxf6 19.Nd5 Rxe1 20.Nxf6+ gxf6 21.Rxe1 Nb4 22.a3
Nd5 23.Qxh6 Nc3+ 24.Ka1 Na4 25.Qc1 Qd6 26.Rg1 Rc3 27.Qe1 Rc8 28.g5 Kf8 {#r}
1-0

[Event "It (open)"]
[Site "masterchessopen.com – Pula (Croatia)"]
[Round "2"]
[White "Lutz Christopher (GER)"]
[Black "Subasic Ilijas (BIH)"]
[Result "1-0"]
[WhiteElo "2590"]
[BlackElo "2285"]

1.e4 c5 2.Nf3 Nc6 3.d4 cxd4 4.Nxd4 Nf6 5.Nc3 d6 6.Bg5 e6 7.Qd2 Be7 8.O-O-O O-O
9.f4 d5 10.e5 Nd7 11.Bxe7 Qxe7 12.Kb1 Nb6 13.Be2 Bd7 14.Rhf1 Rac8 15.Ndb5 a6
16.Nd6 Rb8 17.Bd3 f5 18.h3 Nc8 19.Nxc8 Rbxc8 20.g4 g6 21.Rg1 Kh8 22.Ne2 Qc5
23.c3 b5 24.h4 fxg4 25.Rxg4 Rg8 26.Rg5 Rcf8 27.h5 gxh5 28.Rxh5 Rg7 29.Rdh1
Rff7 30.Qc2 Qe7 31.Bg6 Be8 32.Bxf7 Qxf7 33.Rh6 Qg8 34.f5 exf5 35.e6 Ne5 36.Nf4
Ng4 37.R6h4 Qf8 38.a3 Bc6 39.Ng6+ Rxg6 40.Rxh7+ Kg8 41.Rh8+ Kg7 42.R1h7+ {#r}
1-0

[Event "It"]
[Site "masterchessopen.com – Tampere (Finland)"]
[Round "4"]
[White "Norri Joose (FIN)"]
[Black "Tella Jussi (FIN)"]
[Result "0-1"]
[WhiteElo "2430"]
[BlackElo "2375"]

1.e4 c5 2.Nf3 d6 3.d4 cxd4 4.Nxd4 Nf6 5.Nc3 Nc6 6.Bg5 e6 7.Qd2 Be7 8.O-O-O O-O
9.f4 h6 10.Bxf6 Bxf6 11.Nxc6 bxc6 12.Qxd6 Qb6 13.Qd2 Rb8 14.b3 Rd8 15.Bd3 e5
16.g3 Bg4 17.Rdf1 Qd4 18.h3 Bc8 19.Kb2 c5 20.Qe1 c4 21.Be2 cxb3 22.axb3 exf4
23.Rxf4 Be5 24.Rf3 Be6 {#R} 0-1

[Event "It (open)"]
[Site "masterchessopen.com – Torshavn (Faroe Islands)"]
[Round "1"]
[White "Stefansson Hannes (ISL)"]
[Black "Sloth Jorn (DEN)"]
[Result "1-0"]
[WhiteElo "2545"]
[BlackElo "2340"]

1.e4 c5 2.Nf3 d6 3.d4 cxd4 4.Nxd4 Nf6 5.Nc3 Nc6 6.Bg5 e6 7.Qd2 Be7 8.O-O-O O-O
9.f4 h6 10.Bh4 e5 11.Nf5 Bxf5 12.exf5 Qa5 13.Bc4 Qb4 14.Bb3 Qxf4 15.Qxf4 exf4
16.Rhf1 Na5 17.Rxf4 Nxb3+ 18.axb3 d5 19.Rfd4 Rfc8 20.Bxf6 Bxf6 21.Rxd5 Bxc3
22.bxc3 Rc7 23.Rd7 Rac8 24.c4 Kf8 25.g4 Ke8 26.Rxc7 Rxc7 27.Re1+ Kd7 28.Kd2 h5
29.h3 hxg4 30.hxg4 Rc8 31.Rh1 Kd6 32.Rh7 Ke5 33.Rxg7 Kf6 34.Rh7 Rg8 35.Rh6+
Ke5 36.Rh4 Rg7 37.Ke3 f6 38.Kf3 a5 39.Rh8 Kd4 40.Rf8 Kc3 41.Rxf6 {#r} 1-0

[Event "It (open)"]
[Site "masterchessopen.com – Tunisia"]
[Round "0"]
[White "Bezgodov Alexei (RUS)"]
[Black "El Gindy Essam (EGY)"]
[Result "0-1"]
[WhiteElo "2545"]
[BlackElo "2506"]

1.e4 c5 2.Nf3 d6 3.d4 cxd4 4.Nxd4 Nf6 5.Nc3 Nc6 6.Bg5 e6 7.Qd2 Be7 8.O-O-O O-O
9.f4 h6 10.h4 Nxd4 11.Qxd4 hxg5 12.hxg5 Ng4 13.Be2 e5 14.Qg1 exf4 15.Bxg4 Bxg5
16.Qh2 Bh6 17.Bf5 Qg5 18.Nd5 Be6 19.Bxe6 fxe6 20.Nc7 f3+ 21.Kb1 fxg2 22.Rhg1
Qg4 23.Nxa8 Qxd1+ 24.Rxd1 Rf1 25.Qg1 Rxd1+ 26.Qxd1 Be3 27.Nc7 g1=R 28.Qxg1
Bxg1 29.Nxe6 Kf7 30.Nd8+ Kg8 31.Nxb7 {#R} 0-1